[Event "Teplice op 18th"]
[Site "Teplice"]
[Date "2025.06.19"]
[Round "6"]
[White "Sylvan, Jacob"]
[Black "Fizer, Marek"]
[Result "1/2-1/2"]
[WhiteElo "2323"]
[BlackElo "2186"]
[PlyCount "137"]
[EventDate "2025.06.14"]
[EventType "swiss"]
[EventRounds "9"]
[EventCountry "CZE"]
[SourceTitle "CB26_2025"]
[SourceDate "2025.06.25"]
[SourceVersion "1"]
[SourceVersionDate "2025.06.25"]
[SourceQuality "1"]

1. d4 d5 2. Nf3 Nf6 3. c4 e6 4. g3 Bd6 5. Bg2 0-0 6. 0-0 Nc6 7. b3 dxc4 8. bxc4 e5 9. c5 Be7 10. dxe5 Qxd1 11. Rxd1 Ne4 12. Be3 Bxc5 13. Bxc5 Nxc5 14. Na3 Bg4 15. Nb5 Ne6 16. Rd5 Rad8 17. Rad1 a6 18. Nc3 b5 19. a3 Rxd5 20. Rxd5 Rd8 21. Nd2 Nxe5 22. f3 Rxd5 23. Nxd5 Bh5 24. f4 Nc4 25. Nxc4 bxc4 26. Kf2 Nd4 27. e3 Nc2 28. a4 c5 29. Bf1 Na3 30. e4 Bd1 31. a5 Bb3 32. Ke3 Nb1 33. e5 c3 34. Nxc3 Nxc3 35. Bxa6 Nd5+ 36. Kd3 Nb4+ 37. Kc3 Bd5 38. Bc4 Bb7 39. Bb5 Ba6 40. Kc4 Bc8 41. Kxc5 Na6+ 42. Kb6 Nb4 43. a6 Nxa6 44. Bxa6 Bh3 45. Kc7 Kf8 46. Kd6 g6 47. Be2 h5 48. Bc4 Bf5 49. Bb5 Bh3 50. Bd7 Bf1 51. f5 gxf5 52. Bxf5 Kg7 53. Ke7 Bc4 54. h4 Bb3 55. Kd6 Ba2 56. Kc5 Bb3 57. Kd4 Ba2 58. Ke3 Bb3 59. Kf4 Kh6 60. Bd7 Kg6 61. Bc6 Be6 62. Be4+ Kh6 63. Bd3 Bd7 64. Bc4 Kg6 65. Bb3 Bc8 66. Bc2+ Kh6 67. Bf5 Ba6 68. Bd7 Kg6 69. Bf5+ 1/2-1/2

[Event "DEN-chT 2425 62nd"]
[Site "Denmark"]
[Date "2024.12.08"]
[Round "4.4"]
[White "Sylvan, Jacob"]
[Black "Jorgensen, Brian"]
[Result "1-0"]
[WhiteElo "2329"]
[BlackElo "2258"]
[PlyCount "133"]
[EventDate "2024.11.02"]
[EventType "team-tourn"]
[EventRounds "9"]
[EventCountry "DEN"]
[SourceTitle "CB16_2025"]
[SourceDate "2025.04.16"]
[SourceVersion "1"]
[SourceVersionDate "2025.04.16"]
[SourceQuality "1"]
[WhiteTeam "Nordkalotten"]
[BlackTeam "Koge"]
[WhiteTeamCountry "DEN"]
[BlackTeamCountry "DEN"]

1. e4 c5 2. Nf3 Nc6 3. d4 cxd4 4. Nxd4 Nf6 5. Nc3 e5 6. Ndb5 d6 7. Bg5 a6 8. Na3 b5 9. Bxf6 gxf6 10. Nd5 Bg7 11. g3 0-0 12. Bg2 Rb8 13. 0-0 Ne7 14. Nxe7+ Qxe7 15. c3 f5 16. Nc2 fxe4 17. Bxe4 f5 18. Bd5+ Kh8 19. Nb4 Qf6 20. a4 bxa4 21. Qxa4 f4 22. Qc2 Bh3 23. Rfe1 Rb5 24. Be4 a5 25. Nd5 Qf7 26. c4 Rc5 27. b3 Qh5 28. Qd3 f3 29. Ra4 Bh6 30. Ne3 Rf6 31. b4 axb4 32. Rxb4 Bxe3 33. Rb8+ Rc8 34. Rxc8+ Bxc8 35. Rxe3 Bg4 36. h4 Qf7 37. Qd5 Qxd5 38. Bxd5 Kg7 39. Ra3 h5 40. Kf1 Kf8 41. Ke1 Kg7 42. Ra7+ Kf8 43. Kd2 Ke8 44. Ke3 Kf8 45. Ra6 Ke7 46. Rb6 Rf8 47. Rb7+ Kf6 48. Bxf3 Bxf3 49. Kxf3 Rc8 50. Rh7 Kg6 51. Rd7 Rc6 52. Ke3 Kf5 53. Kd3 Ra6 54. Rf7+ Kg6 55. Rf8 Kg7 56. Rf5 Ra5 57. Rg5+ Kf6 58. Ke3 Ra4 59. Rxh5 Rxc4 60. Rh6+ Ke7 61. h5 d5 62. Ra6 Rc1 63. g4 Rh1 64. h6 Rh3+ 65. Ke2 Kf7 66. g5 Kg8 67. Re6 1-0

[Event "DEN-chT 2425 62nd"]
[Site "Denmark"]
[Date "2024.11.03"]
[Round "2.3"]
[White "Abildlund, Jens"]
[Black "Sylvan, Jacob"]
[Result "1/2-1/2"]
[WhiteElo "2181"]
[BlackElo "2329"]
[PlyCount "41"]
[EventDate "2024.11.02"]
[EventType "team-tourn"]
[EventRounds "9"]
[EventCountry "DEN"]
[SourceTitle "CB45_2024"]
[Source "ChessBase"]
[SourceDate "2024.11.06"]
[SourceVersion "1"]
[SourceVersionDate "2024.11.06"]
[SourceQuality "1"]
[WhiteTeam "Nordre"]
[BlackTeam "Nordkalotten"]
[WhiteTeamCountry "DEN"]
[BlackTeamCountry "DEN"]

1. d4 Nf6 2. Nf3 d5 3. c3 g6 4. Bf4 Bg7 5. Nbd2 0-0 6. e3 b6 7. Be2 c5 8. Ne5 Bb7 9. 0-0 Nc6 10. Ndf3 Nh5 11. Nxc6 Bxc6 12. Bg5 f6 13. Bh4 g5 14. Ne1 gxh4 15. Bxh5 e5 16. f4 e4 17. g4 hxg3 18. hxg3 f5 19. Kf2 cxd4 20. cxd4 Be8 21. Rh1 1/2-1/2

[Event "EU-Cup 39th"]
[Site "Vrnjacka Banja"]
[Date "2024.10.23"]
[Round "4.3"]
[White "Sylvan, Jacob"]
[Black "Galopoulos, Nikolaos"]
[Result "0-1"]
[WhiteElo "2313"]
[BlackElo "2399"]
[PlyCount "80"]
[EventDate "2024.10.20"]
[EventType "team-swiss"]
[EventRounds "7"]
[EventCountry "SRB"]
[SourceTitle "CB44_2024"]
[Source "Chessbase"]
[SourceDate "2024.10.30"]
[SourceVersion "1"]
[SourceVersionDate "2024.10.30"]
[SourceQuality "1"]
[WhiteTeam "Nordkalotten"]
[BlackTeam "Kavala"]
[WhiteTeamCountry "NOR"]
[BlackTeamCountry "GRE"]

1. e4 c5 2. Nf3 d6 3. d4 cxd4 4. Nxd4 Nf6 5. Nc3 a6 6. Bg5 e6 7. f4 h6 8. Bh4 Nbd7 9. Qf3 e5 10. Nf5 exf4 11. Bxf6 Nxf6 12. 0-0-0 Bxf5 13. exf5 Be7 14. Kb1 Rc8 15. Ne2 Rc5 16. Nxf4 Rxf5 17. g4 Re5 18. Bc4 Qc8 19. Bb3 Qxg4 20. Qxb7 0-0 21. Nd3 Re2 22. Rde1 Bd8 23. Qxa6 Ne4 24. Bd5 Bh4 25. Rd1 Rxh2 26. Qb7 Nd2+ 27. Ka1 Rxh1 28. Rxh1 Bf6 29. c3 Qe2 30. Nf4 Qg4 31. Nd3 Qg6 32. Nb4 Qg3 33. Nc6 Kh7 34. a4 Re8 35. Qxf7 Re1+ 36. Ka2 Rxh1 37. Qg8+ Kg6 38. Qe8+ Kg5 39. Bxh1 Qd3 40. Nb4 Qb1+ 0-1

[Event "DEN-ch Blitz op"]
[Site "Avedore"]
[Date "2023.05.14"]
[Round "1"]
[White "Simonsen, Jesper"]
[Black "Sylvan, Jacob"]
[Result "0-1"]
[WhiteElo "2108"]
[BlackElo "2325"]
[PlyCount "117"]
[EventDate "2023.05.14"]
[EventType "swiss (blitz)"]
[EventRounds "13"]
[EventCountry "DEN"]
[SourceTitle "CBM 214 Extra"]
[Source "ChessBase"]
[SourceDate "2023.07.31"]
[SourceVersion "1"]
[SourceVersionDate "2023.07.31"]
[SourceQuality "1"]

1. d4 Nf6 2. Nf3 g6 3. Bf4 Bg7 4. e3 d6 5. h3 0-0 6. c4 Nbd7 7. Nc3 c6 8. Be2 a6 9. 0-0 b5 10. Rc1 b4 11. Na4 c5 12. b3 Bb7 13. Nb2 Ne4 14. Qc2 Nc3 15. Nd3 Qa5 16. a4 Be4 17. Qd2 Rad8 18. Ng5 Nxe2+ 19. Qxe2 Bb7 20. d5 h6 21. Nf3 Qb6 22. e4 e5 23. dxe6 fxe6 24. Bg3 e5 25. Rcd1 Nf6 26. Nd2 Nh5 27. Bh2 Qc6 28. f3 Nf4 29. Nxf4 exf4 30. Kh1 g5 31. Bg1 Be5 32. Rfe1 Bc8 33. Nf1 Qe8 34. Nh2 h5 35. Rd2 Qg6 36. Red1 Rd7 37. Bxc5 Rdd8 38. Bb6 Rd7 39. c5 g4 40. fxg4 hxg4 41. Qxg4 Rg7 42. Qxg6 Rxg6 43. cxd6 Bd7 44. Ng4 Bc3 45. Rd3 Kf7 46. Bd4 Bxg4 47. hxg4 Bxd4 48. Rxd4 Rxg4 49. d7 Rd8 50. e5 Ke7 51. Rd6 Rg3 52. R1d3 Rg5 53. Kg1 Rxe5 54. Rh6 Re3 55. Rxe3+ fxe3 56. Rh7+ Ke6 57. Kf1 Kd6 58. Ke2 Kc7 59. Kf3 0-1

[Event "DEN-ch Blitz op"]
[Site "Avedore"]
[Date "2023.05.14"]
[Round "13"]
[White "Sylvan, Jacob"]
[Black "Olsen, Filip Boe"]
[Result "0-1"]
[WhiteElo "2325"]
[BlackElo "2424"]
[PlyCount "58"]
[EventDate "2023.05.14"]
[EventType "swiss (blitz)"]
[EventRounds "13"]
[EventCountry "DEN"]
[SourceTitle "CBM 214 Extra"]
[Source "ChessBase"]
[SourceDate "2023.07.31"]
[SourceVersion "1"]
[SourceVersionDate "2023.07.31"]
[SourceQuality "1"]

1. e4 c6 2. d4 d5 3. e5 Bf5 4. Nf3 e6 5. Be2 Ne7 6. 0-0 h6 7. Nbd2 Nd7 8. Nb3 g5 9. Bd2 Qc7 10. c4 Bg7 11. a4 0-0 12. a5 f6 13. Bb4 Rf7 14. Bd6 Qd8 15. c5 Ng6 16. exf6 Nxf6 17. Bd3 Ne4 18. Bxe4 Bxe4 19. Ne5 Bxe5 20. dxe5 Nf4 21. f3 Bd3 22. Re1 g4 23. Re3 gxf3 24. Rxf3 Be4 25. Rg3+ Kh7 26. Nd2 Bxg2 27. Rxg2 Nxg2 28. Kxg2 Qh4 29. Nf3 Rg8+ 0-1

[Event "DEN-ch Rapid op"]
[Site "Avedore"]
[Date "2023.05.13"]
[Round "7"]
[White "Sylvan, Jacob"]
[Black "Hector, Jonny"]
[Result "0-1"]
[WhiteElo "2325"]
[BlackElo "2482"]
[PlyCount "98"]
[EventDate "2023.05.13"]
[EventType "swiss (rapid)"]
[EventRounds "7"]
[EventCountry "DEN"]
[SourceTitle "CBM 214 Extra"]
[Source "ChessBase"]
[SourceDate "2023.07.31"]
[SourceVersion "1"]
[SourceVersionDate "2023.07.31"]
[SourceQuality "1"]

1. Nf3 d5 2. d4 Nf6 3. g3 Bf5 4. Bg2 h6 5. 0-0 e6 6. c4 c6 7. Qb3 Qb6 8. c5 Qa6 9. Nc3 b6 10. cxb6 axb6 11. Ne5 Be7 12. Re1 0-0 13. e4 Bh7 14. exd5 cxd5 15. Bf4 g5 16. Bd2 Qb7 17. h4 gxh4 18. Bxh6 Nc6 19. Nxc6 Qxc6 20. Bxf8 Bxf8 21. gxh4 Kh8 22. Nb5 Bh6 23. a4 Rg8 24. a5 bxa5 25. Nc3 Qd6 26. Ne2 Ne4 27. Qf3 f5 28. Qh5 Rg6 29. Rxa5 Qd8 30. Rea1 Qg8 31. Qf3 Nd2 32. Qh3 Nb3 33. Ra8 Nxa1 34. Rxg8+ Rxg8 35. Qc3 f4 36. Kf1 Nc2 37. Bh3 Be4 38. Ng1 Ra8 39. Nf3 Bxf3 40. Kg1 Ra1+ 41. Bf1 Be4 42. Qc8+ Kh7 43. Qe8 Nxd4 44. Qf7+ Bg7 45. Qh5+ Kg8 46. Qe8+ Bf8 47. f3 Bd3 48. Qh5 Rxf1+ 49. Kg2 Rxf3 0-1

[Event "SWE-chT 2223 Elite"]
[Site "Sweden"]
[Date "2023.01.22"]
[Round "5.1"]
[White "Pantzar, Milton"]
[Black "Sylvan, Jacob"]
[Result "1-0"]
[WhiteElo "2465"]
[BlackElo "2310"]
[PlyCount "113"]
[EventDate "2022.10.14"]
[EventType "team-tourn"]
[EventRounds "9"]
[EventCountry "SWE"]
[SourceTitle "CBM 213 Extra"]
[Source "ChessBase"]
[SourceDate "2023.05.31"]
[SourceVersion "1"]
[SourceVersionDate "2023.05.31"]
[SourceQuality "1"]
[WhiteTeam "Lunds"]
[BlackTeam "Helsingborg"]
[WhiteTeamCountry "SWE"]
[BlackTeamCountry "SWE"]

1. d4 Nf6 2. c4 e6 3. Nf3 d5 4. g3 dxc4 5. Bg2 a6 6. 0-0 Nc6 7. Be3 Rb8 8. Qc1 b5 9. b3 Nd5 10. bxc4 Nxe3 11. Qxe3 Be7 12. cxb5 axb5 13. Nc3 0-0 14. Rfd1 Bb7 15. d5 exd5 16. Rxd5 Bd6 17. Rxb5 Re8 18. Qc1 Ba6 19. Rxb8 Nxb8 20. e3 Nd7 21. Qc2 Nc5 22. Rd1 h6 23. Nd4 Qg5 24. Ndb5 Bxb5 25. Nxb5 Rd8 26. a4 Bf8 27. Rxd8 Qxd8 28. Bc6 Qf6 29. Nd4 Ne6 30. Nxe6 Qxe6 31. a5 Qe5 32. Qa2 Bc5 33. a6 Ba7 34. Bd5 Qf6 35. Kg2 g6 36. Qa4 Qe7 37. Qc2 Kg7 38. Qc3+ Kh7 39. Qc6 Kg7 40. Qc3+ Kh7 41. h4 h5 42. Qc6 Kg7 43. Bb3 Bb6 44. Qc3+ Kh7 45. Qc4 Kg7 46. Qd5 Ba7 47. Qa8 Qc5 48. Qe8 Qf5 49. Qe7 Bb6 50. Ba2 Kg8 51. a7 Bxa7 52. Qxc7 Bc5 53. Bxf7+ Qxf7 54. Qxc5 Qe6 55. Qd4 Qa6 56. Qd5+ Kg7 57. e4 1-0

[Event "DEN-chT 2223 60th"]
[Site "Denmark"]
[Date "2023.01.15"]
[Round "6.3"]
[White "Sylvan, Jacob"]
[Black "Svane, Frederik"]
[Result "1-0"]
[WhiteElo "2310"]
[BlackElo "2566"]
[PlyCount "83"]
[EventDate "2022.10.29"]
[EventType "team-tourn"]
[EventRounds "9"]
[EventCountry "DEN"]
[SourceTitle "CBM 213 Extra"]
[Source "ChessBase"]
[SourceDate "2023.05.31"]
[SourceVersion "1"]
[SourceVersionDate "2023.05.31"]
[SourceQuality "1"]
[WhiteTeam "Nordkalotten"]
[BlackTeam "Skanderborg Nordea"]
[WhiteTeamCountry "DEN"]
[BlackTeamCountry "DEN"]

1. d4 Nf6 2. Nf3 d5 3. g3 Bf5 4. Bg2 e6 5. 0-0 Be7 6. c4 c6 7. Qb3 Qb6 8. c5 Qxb3 9. axb3 Nbd7 10. b4 a6 11. Nbd2 0-0-0 12. Nb3 h6 13. Bd2 Ne4 14. Be3 Bf6 15. b5 cxb5 16. Rfc1 Nb8 17. Na5 Rde8 18. Ne5 Bxe5 19. dxe5 d4 20. Bxd4 Rd8 21. Be3 Kc7 22. c6 b6 23. Nb7 a5 24. Nxd8 Rxd8 25. g4 Bg6 26. b4 a4 27. Ra2 Na6 28. Rb2 f5 29. exf6 gxf6 30. Bxh6 Nd6 31. Rd2 Nxb4 32. Bg7 Nc4 33. Rxd8 Kxd8 34. Rd1+ Kc8 35. Bxf6 Nd5 36. Bxd5 exd5 37. Rxd5 b4 38. Rb5 b3 39. Rb4 b5 40. Rxb5 Bc2 41. Rb4 Na5 42. Bb2 1-0